[Event "3. ODEM U25 2006"]
[Site "Willingen GER"]
[Date "2006.06.04"]
[Round "1"]
[White "Rau, Hannes"]
[Black "Emde, Daniel"]
[Result "1-0"]
[Termination "normal"]
[Board "1"]
[WhiteTitle "IM"]
[WhiteElo "2395"]
[BlackElo "1636"]
[PlyCount "77"]
[WhiteFideId "4657594"]
[BlackFideId "24602221"]
[EventCountry "GER"]
[EventRounds "9"]
[EventType "swiss"]
[EventDate "2006.06.03"]

1. d4 Nf6 2. c4 e6 3. Nc3 d5 4. cxd5 exd5 5. Bg5 c6 6. e3 Be7 7. Bd3 O-O 8.
Nge2 Re8 9. Qc2 Nbd7 10. f3 c5 11. O-O c4 12. Bf5 Nf8 13. Nf4 Be6 14. Rad1 Qc8
15. Bxe6 fxe6 16. e4 dxe4 17. fxe4 e5 18. Bxf6 Bxf6 19. Nh5 Bg5 20. Qf2 Qe6 21.
dxe5 Rad8 22. Rd6 Rxd6 23. exd6 Nd7 24. Qd4 Nf6 25. Nf4 Bxf4 26. Rxf4 Nd7 27.
Nd5 Nf6 28. Rxf6 gxf6 29. Nxf6+ Kf7 30. Nxe8 Kxe8 31. h3 h5 32. e5 b5 33. Qc5
a6 34. Qc6+ Kf7 35. Qc7+ Ke8 36. Qc6+ Kf7 37. Qf3+ Kg6 38. Qe4+ Kg7 39. Qd4 1-0

[Event "3. ODEM U25 2006"]
[Site "Willingen GER"]
[Date "2006.06.04"]
[Round "1"]
[White "Daum, Norman"]
[Black "Völz, Michael"]
[Result "1-0"]
[Termination "normal"]
[Board "3"]
[WhiteElo "2150"]
[BlackElo "1629"]
[PlyCount "81"]
[WhiteFideId "4690052"]
[BlackFideId "24640107"]
[EventCountry "GER"]
[EventRounds "9"]
[EventType "swiss"]
[EventDate "2006.06.03"]

1. e4 e5 2. Bc4 Nf6 3. d3 h6 4. f4 d6 5. Nf3 Nc6 6. c3 Be7 7. O-O Bg4 8. Qb3
Na5 9. Bxf7+ Kf8 10. Qa4 Kxf7 11. fxe5 Bxf3 12. exf6 Bxf6 13. Rxf3 Nc6 14. Qb3+
Kg6 15. d4 Qc8 16. Qc2 Kf7 17. Qb3+ Kg6 18. Rg3+ Kh7 19. Qc2 Kg8 20. Qb3+ Kh7
21. Qc2 Kg8 22. Be3 Qd7 23. Nd2 Re8 24. Rf1 Kf7 25. Qb3+ Ke7 26. e5 dxe5 27.
Rxf6 Kxf6 28. Ne4+ Kf5 29. Qc2 Qd5 30. Nc5+ Kf6 31. c4 Qg8 32. Rg6+ Ke7 33. d5
Nd8 34. Qf5 Qf7 35. Qg4 Kf8 36. Nd7+ Kg8 37. Nf6+ Kf8 38. Nxe8 Kxe8 39. Rxg7
Qf6 40. Qd7+ Kf8 41. Bc5+ 1-0

[Event "3. ODEM U25 2006"]
[Site "Willingen GER"]
[Date "2006.06.04"]
[Round "1"]
[White "Weber, Andre"]
[Black "Stotyn, Fabian"]
[Result "0-1"]
[Termination "normal"]
[Board "4"]
[WhiteElo "1611"]
[BlackElo "2129"]
[PlyCount "64"]
[WhiteFideId "24677515"]
[BlackFideId "24611646"]
[EventCountry "GER"]
[EventRounds "9"]
[EventType "swiss"]
[EventDate "2006.06.03"]

1. d4 d5 2. Nf3 Nf6 3. e3 g6 4. b3 Bg7 5. Bb2 O-O 6. Bd3 Nbd7 7. c4 c6 8. Nbd2
Re8 9. O-O Nf8 10. e4 dxe4 11. Nxe4 Nxe4 12. Bxe4 c5 13. Qd2 f5 14. Bc2 cxd4
15. Bxd4 e5 16. Bc3 Qc7 17. Rad1 Bd7 18. Qd6 Qxd6 19. Rxd6 Bc6 20. Rfd1 Bxf3
21. gxf3 Ne6 22. Rd7 b5 23. Rb7 a6 24. cxb5 Rac8 25. Bd3 Rxc3 26. Bc4 axb5 27.
Bxb5 Rd8 28. Bd7 Kf8 29. b4 Rc7 30. Rxc7 Nxc7 31. Ba4 Rxd1+ 32. Bxd1 Ke8 0-1

[Event "3. ODEM U25 2006"]
[Site "Willingen GER"]
[Date "2006.06.04"]
[Round "1"]
[White "Seyb, Alexander"]
[Black "Durmisi, Valon"]
[Result "1-0"]
[Termination "normal"]
[Board "5"]
[WhiteElo "2122"]
[BlackElo "1570"]
[PlyCount "57"]
[WhiteFideId "4699033"]
[EventCountry "GER"]
[EventRounds "9"]
[EventType "swiss"]
[EventDate "2006.06.03"]

1. e4 e5 2. Nf3 Nc6 3. d4 exd4 4. Nxd4 Nf6 5. Nxc6 bxc6 6. e5 Qe7 7. Qe2 Nd5 8.
c4 Ba6 9. b3 g5 10. g3 Bg7 11. Bb2 O-O-O 12. Nd2 Nb4 13. Nf3 c5 14. Bg2 Bb7 15.
a3 Nc6 16. O-O h5 17. b4 f6 18. Rfe1 Rde8 19. Qd2 Nxe5 20. Nxe5 fxe5 21. Bxb7+
Kxb7 22. bxc5 Rhf8 23. Rab1 Ka8 24. Bc3 Rb8 25. Ba5 c6 26. Bc7 Qxc5 27. Rxb8+
Rxb8 28. Bxb8 Kxb8 29. Qxd7 1-0

[Event "3. ODEM U25 2006"]
[Site "Willingen GER"]
[Date "2006.06.04"]
[Round "1"]
[White "Tiemann, Christoph"]
[Black "Nuber, Korbinian"]
[Result "0-1"]
[Termination "normal"]
[Board "6"]
[WhiteElo "1536"]
[BlackElo "2121"]
[PlyCount "68"]
[WhiteFideId "24676900"]
[BlackFideId "24607231"]
[EventCountry "GER"]
[EventRounds "9"]
[EventType "swiss"]
[EventDate "2006.06.03"]

1. e4 Nf6 2. e5 Nd5 3. d4 d6 4. exd6 cxd6 5. Bc4 Nb6 6. Bb3 Nc6 7. Qf3 e6 8.
Ne2 Be7 9. O-O O-O 10. c3 e5 11. Rd1 Qc7 12. Qg3 Kh8 13. Nd2 f5 14. Nf3 f4 15.
Nxf4 exf4 16. Bxf4 Na5 17. Re1 Nxb3 18. axb3 Nd5 19. Rxe7 Nxe7 20. Bxd6 Qd8 21.
Nh4 Nf5 22. Nxf5 Rxf5 23. Re1 Rf7 24. Qg5 Qxd6 25. Re8+ Rf8 26. Qe5 Qf6 27. f4
Bd7 28. Re7 Qxe5 29. fxe5 Bc6 30. c4 Rae8 31. Rc7 Be4 32. d5 Rxe5 33. d6 Bc6
34. d7 Re1# 0-1

[Event "3. ODEM U25 2006"]
[Site "Willingen GER"]
[Date "2006.06.04"]
[Round "1"]
[White "Stuhl, Alexander"]
[Black "Kamrla, Robin"]
[Result "1-0"]
[Termination "normal"]
[Board "7"]
[WhiteElo "2115"]
[BlackElo "1532"]
[PlyCount "52"]
[WhiteFideId "24601373"]
[EventCountry "GER"]
[EventRounds "9"]
[EventType "swiss"]
[EventDate "2006.06.03"]

1. d4 g6 2. Nf3 Bg7 3. c4 d6 4. Nc3 Nf6 5. e4 O-O 6. Be2 Nbd7 7. O-O e5 8. Qc2
c6 9. b4 Re8 10. dxe5 dxe5 11. h3 Qc7 12. Be3 c5 13. Rfd1 cxb4 14. Nb5 Qc6 15.
Rd6 Qxe4 16. Bd3 Qc6 17. Rxc6 bxc6 18. Nc7 e4 19. Nxa8 exd3 20. Qxd3 Bb7 21.
Nc7 Rc8 22. Bd4 Rxc7 23. Bxf6 Bxf6 24. Qd6 Bxa1 25. Qxc7 Nc5 26. Ng5 Bg7 1-0

[Event "3. ODEM U25 2006"]
[Site "Willingen GER"]
[Date "2006.06.04"]
[Round "1"]
[White "Rummer, Evi"]
[Black "Coenen, Michael"]
[Result "0-1"]
[Termination "normal"]
[Board "8"]
[WhiteElo "1530"]
[BlackElo "2109"]
[PlyCount "152"]
[WhiteFideId "12900117"]
[BlackFideId "4697367"]
[EventCountry "GER"]
[EventRounds "9"]
[EventType "swiss"]
[EventDate "2006.06.03"]

1. e4 c5 2. Nf3 d6 3. Bc4 e6 4. Nc3 a6 5. a4 Nc6 6. O-O g6 7. d3 Bg7 8. Bd2
Nge7 9. Re1 h6 10. Rb1 O-O 11. Ne2 d5 12. exd5 exd5 13. Bb3 Bg4 14. Ng3 Nd4 15.
c3 Bxf3 16. gxf3 Ndf5 17. Bc2 Qd7 18. b4 Nh4 19. Kh1 Nc6 20. bxc5 Ne5 21. Re3
Nexf3 22. Rxf3 Qh3 23. Qf1 Qxf1+ 24. Nxf1 Nxf3 25. Bf4 Bxc3 26. Rxb7 Nd4 27.
Bd1 Rac8 28. Bd6 Rfe8 29. Ne3 Kg7 30. Bg4 Ne6 31. Nxd5 Bd4 32. Ne7 Nxc5 33.
Bxc8 Nxb7 34. Bxb7 Rd8 35. Ba3 Rb8 36. Bxa6 Rb1+ 37. Kg2 Ra1 38. Bd6 Rxa4 39.
Bc4 f6 40. Nc6 Bb6 41. Ne7 Ra1 42. Nd5 Bd4 43. Nf4 Bc3 44. Ne6+ Kh7 45. Nf8+
Kg7 46. Ne6+ Kh8 47. Nf8 g5 48. Ng6+ Kg7 49. Ne7 Ra5 50. Nc6 Ra8 51. Ne7 Rd8
52. Nf5+ Kg6 53. Ne7+ Kh7 54. Nf5 Bb2 55. Be7 Rd7 56. Bf8 Ra7 57. Ne7 Ra8 58.
Bg8+ Kh8 59. Bxh6 Re8 60. Bc4 Rxe7 61. Bf8 Re8 62. Bc5 Kg7 63. d4 Re4 64. Bd3
Rf4 65. d5 Bd4 66. Be7 Rxf2+ 67. Kg3 Rd2 68. Bc4 Be5+ 69. Kf3 Bxh2 70. Ke3 Bf4+
71. Kf3 f5 72. Bc5 Kf6 73. Bb6 Bd6 74. Ke3 Bf4+ 75. Kf3 Ke5 76. Bc5 g4# 0-1

[Event "3. ODEM U25 2006"]
[Site "Willingen GER"]
[Date "2006.06.04"]
[Round "1"]
[White "Grüner, Sven"]
[Black "Srokovskiy, Alexander"]
[Result "1-0"]
[Termination "normal"]
[Board "9"]
[WhiteElo "2107"]
[BlackElo "1493"]
[PlyCount "39"]
[WhiteFideId "4687221"]
[BlackFideId "24676330"]
[EventCountry "GER"]
[EventRounds "9"]
[EventType "swiss"]
[EventDate "2006.06.03"]

1. e4 d5 2. exd5 Qxd5 3. Nc3 Qa5 4. g3 Nf6 5. Bg2 Bg4 6. Nf3 Nc6 7. h3 Bh5 8.
g4 Bg6 9. d3 e6 10. Bd2 O-O-O 11. a3 Qb6 12. b4 h5 13. g5 Nd5 14. Na4 Qa6 15.
c4 Nb6 16. Nb2 Nxc4 17. dxc4 Qb6 18. Na4 Qa6 19. b5 Rxd2 20. Nxd2 1-0

[Event "3. ODEM U25 2006"]
[Site "Willingen GER"]
[Date "2006.06.04"]
[Round "1"]
[White "Schäfer, Simon"]
[Black "Zentgraf, Robert"]
[Result "0-1"]
[Termination "normal"]
[Board "10"]
[WhiteElo "1488"]
[BlackElo "2106"]
[PlyCount "106"]
[BlackFideId "4676483"]
[EventCountry "GER"]
[EventRounds "9"]
[EventType "swiss"]
[EventDate "2006.06.03"]

1. d4 c5 2. dxc5 Qa5+ 3. Nc3 Qxc5 4. Nf3 Nf6 5. g3 g6 6. Bg2 Bg7 7. O-O O-O 8.
Be3 Qa5 9. Qd2 Nc6 10. Bh6 d5 11. Bxg7 Kxg7 12. Nd4 e6 13. Nxc6 bxc6 14. Ne4
Qxd2 15. Nxd2 Rb8 16. b3 Ba6 17. Rfe1 Ne8 18. Rac1 c5 19. c4 d4 20. Rcd1 Nd6
21. Ne4 Nxe4 22. Bxe4 Rfd8 23. Rd2 f5 24. Bg2 e5 25. Kf1 e4 26. Red1 Bb7 27.
Kg1 Bc6 28. Kf1 a5 29. f3 e3 30. Rd3 Re8 31. h4 Rb6 32. Rb1 Rf8 33. Rdd1 Rfb8
34. Rd3 a4 35. Kg1 Bd7 36. f4 Be6 37. Bd5 Kf6 38. Bxe6 Kxe6 39. Kf1 Rb4 40.
Rdd1 Kd6 41. Rb2 Rxc4 42. Rbb1 Rcb4 43. Rd3 Kd5 44. Rbd1 axb3 45. axb3 Rxb3 46.
Rxb3 Rxb3 47. Ke1 c4 48. Rc1 d3 49. exd3 cxd3 50. Ra1 Ke4 51. Rd1 Kf3 52. Ra1
d2+ 53. Kd1 Rb2 0-1

[Event "3. ODEM U25 2006"]
[Site "Willingen GER"]
[Date "2006.06.04"]
[Round "1"]
[White "Billing, Christian"]
[Black "Wisheckel, Florian"]
[Result "1-0"]
[Termination "normal"]
[Board "11"]
[WhiteElo "2080"]
[BlackElo "1482"]
[PlyCount "99"]
[WhiteFideId "4697294"]
[BlackFideId "24678090"]
[EventCountry "GER"]
[EventRounds "9"]
[EventType "swiss"]
[EventDate "2006.06.03"]

1. e4 e5 2. Nf3 Nc6 3. d4 exd4 4. Bc4 Nf6 5. e5 d5 6. Bb5 Nd7 7. O-O Be7 8. Re1
O-O 9. Bxc6 bxc6 10. Nxd4 c5 11. Nc6 Qe8 12. Qxd5 Nb6 13. Qe4 Bd7 14. Nxe7+
Qxe7 15. Nc3 f5 16. Qf3 Rae8 17. b3 c4 18. Bb2 cxb3 19. axb3 Rf6 20. Ne2 Rg6
21. Nf4 Rh6 22. Qg3 Bc6 23. Rxa7 Nd5 24. Nxd5 Bxd5 25. f3 Rg6 26. Qf2 Rc8 27.
Rd1 Qe6 28. Kh1 Qc6 29. Ra4 Rf8 30. Rad4 Qb6 31. c4 Bf7 32. Qc2 c5 33. Rd6 Rxd6
34. Rxd6 Qb4 35. Bc3 Qa3 36. e6 Bg6 37. Rd7 Ra8 38. Rxg7+ Kf8 39. Qd1 Qa6 40.
e7+ Ke8 41. Rg8+ Kxe7 42. Qe1+ Kd7 43. Rg7+ Kc8 44. Qe5 Qc6 45. Qe7 Be8 46. Rg8
Ra2 47. Rxe8+ Qxe8 48. Qxe8+ Kc7 49. Be5+ Kb6 50. Qb8+ 1-0

[Event "3. ODEM U25 2006"]
[Site "Willingen GER"]
[Date "2006.06.04"]
[Round "1"]
[White "Müller, Alexander"]
[Black "Rittemann, Steffen"]
[Result "0-1"]
[Termination "normal"]
[Board "12"]
[WhiteElo "1469"]
[BlackElo "2060"]
[PlyCount "78"]
[WhiteFideId "4624696"]
[BlackFideId "24620009"]
[EventCountry "GER"]
[EventRounds "9"]
[EventType "swiss"]
[EventDate "2006.06.03"]

1. e4 c5 2. Nf3 d6 3. c3 Nf6 4. e5 dxe5 5. Nxe5 Nbd7 6. Nf3 e6 7. d4 Be7 8. Be2
O-O 9. Be3 b6 10. Ne5 Nxe5 11. dxe5 Qxd1+ 12. Bxd1 Nd5 13. Bc1 Ba6 14. Be2 Bxe2
15. Kxe2 Rfd8 16. Na3 Rd7 17. Rd1 Rad8 18. Be3 a6 19. Nc2 c4 20. Nd4 Bc5 21.
Rd2 Bxd4 22. Rxd4 b5 23. Rc1 Rc8 24. Kd2 Kf8 25. b3 Rdc7 26. b4 a5 27. a3 axb4
28. axb4 Ra8 29. Rc2 Ra3 30. Re4 Rc8 31. Bd4 Rca8 32. Kd1 Rb3 33. Kd2 Raa3 34.
g3 g6 35. h4 Kg7 36. Re1 Nxb4 37. cxb4 Rd3+ 38. Ke2 Rxd4 39. f3 Rdd3 0-1

[Event "3. ODEM U25 2006"]
[Site "Willingen GER"]
[Date "2006.06.04"]
[Round "1"]
[White "Sonntag, Hermann"]
[Black "Eigemann, Julian"]
[Result "1/2-1/2"]
[Termination "normal"]
[Board "13"]
[WhiteElo "2047"]
[BlackElo "1468"]
[PlyCount "58"]
[WhiteFideId "4695925"]
[BlackFideId "24666599"]
[EventCountry "GER"]
[EventRounds "9"]
[EventType "swiss"]
[EventDate "2006.06.03"]

1. e4 d5 2. exd5 Qxd5 3. Nc3 Qa5 4. d4 Nf6 5. Bd3 Nc6 6. Nge2 Bg4 7. f3 Bd7 8.
O-O O-O-O 9. Be3 e5 10. Kh1 Be6 11. dxe5 Nxe5 12. Nd4 Nxd3 13. cxd3 Nd5 14.
Nxe6 fxe6 15. Nxd5 Rxd5 16. Qe2 Qb5 17. Rac1 Qxd3 18. Qxd3 Rxd3 19. Bxa7 Rd2
20. Rf2 Rxf2 21. Bxf2 Bd6 22. Kg1 Kd7 23. a4 Ra8 24. b3 b5 25. Ra1 bxa4 26.
bxa4 Bb4 27. Bd4 g6 28. Kf2 Kd6 29. Ke3 Kd5 1/2-1/2

[Event "3. ODEM U25 2006"]
[Site "Willingen GER"]
[Date "2006.06.04"]
[Round "1"]
[White "Wierum, Colin"]
[Black "Bissbort, Julian"]
[Result "0-1"]
[Termination "normal"]
[Board "14"]
[WhiteElo "1459"]
[BlackElo "2042"]
[PlyCount "58"]
[WhiteFideId "24677981"]
[BlackFideId "24618144"]
[EventCountry "GER"]
[EventRounds "9"]
[EventType "swiss"]
[EventDate "2006.06.03"]

1. e4 c5 2. Nf3 Nc6 3. d4 cxd4 4. Nxd4 g6 5. Nc3 Bg7 6. Be3 d6 7. Qd2 Nf6 8. f3
Bd7 9. O-O-O h5 10. g3 a6 11. h3 b5 12. Bg2 Ne5 13. b3 b4 14. Nce2 Qa5 15. Kb1
Nc6 16. g4 hxg4 17. hxg4 Rxh1 18. Rxh1 Na7 19. Bh6 Bxh6 20. Rxh6 O-O-O 21. Rh1
e5 22. c3 exd4 23. Qxd4 Nb5 24. Qxf6 Be6 25. cxb4 Qxb4 26. Rc1+ Kd7 27. Qb2 Rc8
28. Rxc8 Kxc8 29. Nf4 Na3+ 0-1

[Event "3. ODEM U25 2006"]
[Site "Willingen GER"]
[Date "2006.06.04"]
[Round "1"]
[White "Schneider, Christian"]
[Black "Huynh, Nhi Lang"]
[Result "1-0"]
[Termination "normal"]
[Board "15"]
[WhiteElo "2039"]
[BlackElo "1464"]
[PlyCount "95"]
[WhiteFideId "24613886"]
[BlackFideId "24669180"]
[EventCountry "GER"]
[EventRounds "9"]
[EventType "swiss"]
[EventDate "2006.06.03"]

1. Nc3 d5 2. e4 c6 3. f4 dxe4 4. Nxe4 e6 5. Nf3 Nd7 6. g3 Ngf6 7. Nf2 Bc5 8. d4
Be7 9. Bg2 c5 10. c3 O-O 11. O-O Rb8 12. b3 b6 13. f5 exf5 14. Bf4 Ba6 15. c4
Rc8 16. Ne5 Nxe5 17. dxe5 Nd7 18. Qc2 g6 19. Rad1 Qe8 20. Bd5 Bd8 21. Rfe1 Kh8
22. e6 Bf6 23. exd7 Qxd7 24. Be5 Bxe5 25. Rxe5 Qc7 26. Qc3 Kg8 27. Rde1 Rcd8
28. Re7 Rd7 29. Qe5 Rxe7 30. Qxe7 Qb8 31. Nd3 Kg7 32. Ne5 Qe8 33. Qxa7 Bc8 34.
Qxb6 f6 35. Qc7+ Kh6 36. Nf3 Qd7 37. Qxd7 Bxd7 38. Re7 Rd8 39. a4 g5 40. a5 Be8
41. a6 Rb8 42. a7 Rxb3 43. a8=Q Bg6 44. Qf8+ Kh5 45. Qxf6 h6 46. Rg7 Be8 47.
Rxg5+ hxg5 48. Qxg5# 1-0

[Event "3. ODEM U25 2006"]
[Site "Willingen GER"]
[Date "2006.06.04"]
[Round "1"]
[White "Häcker, Katrin"]
[Black "Geshnizjani, Ramin"]
[Result "0-1"]
[Termination "normal"]
[Board "16"]
[WhiteElo "1457"]
[BlackElo "2035"]
[PlyCount "100"]
[WhiteFideId "24667986"]
[BlackFideId "24633089"]
[EventCountry "GER"]
[EventRounds "9"]
[EventType "swiss"]
[EventDate "2006.06.03"]

1. e4 c5 2. Nf3 Nc6 3. d4 cxd4 4. Nxd4 Nf6 5. Nc3 e5 6. Nb3 Bb4 7. Qd3 Bxc3+ 8.
bxc3 d5 9. f3 O-O 10. Be2 b6 11. O-O Bb7 12. Be3 Rc8 13. Rad1 Ne7 14. exd5
Nexd5 15. c4 Nxe3 16. Qxe3 Qc7 17. Qc3 Nd5 18. Qd2 Nf4 19. Rf2 Rfd8 20. Qe1 Ba6
21. Rxd8+ Rxd8 22. Nd2 f6 23. Bf1 Qd7 24. Qe3 Ne6 25. Qb3 Qd4 26. c5 Bc8 27.
cxb6 Qxb6 28. Qxb6 axb6 29. Bc4 Kf8 30. Ne4 Rd4 31. Bb3 Ke7 32. Rd2 f5 33. Rxd4
Nxd4 34. Nc3 Kd6 35. Kf2 b5 36. a4 bxa4 37. Bxa4 Kc5 38. Ke3 Kb4 39. Kd3 Ba6+
40. Kd2 Bf1 41. Bd7 Bxg2 42. Nd5+ Kc5 43. Ne3 Bh3 44. c3 Nxf3+ 45. Ke2 Nxh2 46.
Bxf5 Bxf5 47. Nxf5 g6 48. Ne3 h5 49. Kf2 Ng4+ 50. Nxg4 hxg4 0-1

[Event "3. ODEM U25 2006"]
[Site "Willingen GER"]
[Date "2006.06.04"]
[Round "1"]
[White "Patzer, Stefan"]
[Black "Kahleys, Kevin"]
[Result "1-0"]
[Termination "normal"]
[Board "17"]
[WhiteElo "2033"]
[BlackElo "1448"]
[PlyCount "49"]
[WhiteFideId "24601209"]
[BlackFideId "24669601"]
[EventCountry "GER"]
[EventRounds "9"]
[EventType "swiss"]
[EventDate "2006.06.03"]

1. e4 e6 2. f4 d5 3. exd5 exd5 4. d4 c5 5. Bb5+ Nc6 6. Qe2+ Qe7 7. dxc5 Qxe2+
8. Nxe2 Bxc5 9. Nbc3 a6 10. Nxd5 axb5 11. Nc7+ Kd8 12. Nxa8 Bf5 13. c3 Nf6 14.
a4 b4 15. Bd2 Ne4 16. O-O-O Ke7 17. Nc7 Rd8 18. Rhe1 Kf8 19. Nd4 Bxd4 20. cxd4
Rxd4 21. b3 Bg4 22. Nb5 Rd8 23. Bxb4+ Nxb4 24. Rxd8+ Ke7 25. Rxe4+ 1-0

[Event "3. ODEM U25 2006"]
[Site "Willingen GER"]
[Date "2006.06.04"]
[Round "1"]
[White "Maier, Marius"]
[Black "Linsenmeyer, Mario"]
[Result "0-1"]
[Termination "normal"]
[Board "18"]
[WhiteElo "1439"]
[BlackElo "2022"]
[PlyCount "52"]
[BlackFideId "24635138"]
[EventCountry "GER"]
[EventRounds "9"]
[EventType "swiss"]
[EventDate "2006.06.03"]

1. d4 Nf6 2. Nf3 e6 3. e3 b6 4. Bd3 Bb7 5. Nbd2 c5 6. c3 Be7 7. O-O O-O 8. Qe2
Nc6 9. e4 Re8 10. e5 Nd5 11. Ne4 cxd4 12. cxd4 Ndb4 13. Bb1 Ba6 14. Qd1 Bxf1
15. Kxf1 d5 16. Ng3 Qc8 17. Ng5 g6 18. Nxh7 Nxd4 19. Qd2 Nf5 20. Bxf5 exf5 21.
Nf6+ Bxf6 22. exf6 Nc2 23. Ne2 Qc4 24. b3 Qxe2+ 25. Qxe2 Rxe2 26. Kxe2 Nxa1 0-1

[Event "3. ODEM U25 2006"]
[Site "Willingen GER"]
[Date "2006.06.04"]
[Round "1"]
[White "Held, Florian"]
[Black "Kinzel, Franziska"]
[Result "1-0"]
[Termination "normal"]
[Board "19"]
[WhiteElo "2016"]
[BlackElo "1426"]
[PlyCount "35"]
[WhiteFideId "24629090"]
[EventCountry "GER"]
[EventRounds "9"]
[EventType "swiss"]
[EventDate "2006.06.03"]

1. e4 c6 2. d4 d5 3. e5 Bf5 4. Be3 e6 5. Nd2 Nd7 6. Ngf3 c5 7. dxc5 Nxc5 8. Nb3
Nxb3 9. Bb5+ Ke7 10. axb3 f6 11. O-O Kf7 12. Bxa7 b6 13. Bc6 Rc8 14. Bb7 Rxc2
15. Nd4 Rxb2 16. Nxf5 exf5 17. Bxd5+ Kg6 18. Bf7+ 1-0

[Event "3. ODEM U25 2006"]
[Site "Willingen GER"]
[Date "2006.06.04"]
[Round "1"]
[White "Balkan, Levent"]
[Black "Knickel, Aaron"]
[Result "0-1"]
[Termination "normal"]
[Board "20"]
[WhiteElo "1380"]
[BlackElo "2007"]
[PlyCount "68"]
[BlackFideId "24605298"]
[EventCountry "GER"]
[EventRounds "9"]
[EventType "swiss"]
[EventDate "2006.06.03"]

1. e4 g6 2. d4 Bg7 3. Nf3 d6 4. Bc4 a6 5. O-O b5 6. Bb3 e6 7. Bg5 Ne7 8. Re1 h6
9. Bf4 O-O 10. e5 Bb7 11. Nc3 d5 12. Qd2 Kh7 13. h3 c5 14. dxc5 Nd7 15. Nh2 Rc8
16. Ng4 Nf5 17. Ne2 Nxc5 18. Ng3 Nxg3 19. fxg3 Ne4 20. Qc1 h5 21. Nf2 Qb6 22.
Be3 d4 23. Nxe4 Bxe4 24. Bf2 Qb7 25. Bxd4 Rfd8 26. Qe3 Bxc2 27. Bxc2 Rxc2 28.
Qe4 Qxe4 29. Rxe4 Rc4 30. Rd1 f5 31. Rh4 Bxe5 32. Kf2 Rdxd4 33. b3 Rc2+ 34. Ke1
Bxg3+ 0-1

[Event "3. ODEM U25 2006"]
[Site "Willingen GER"]
[Date "2006.06.04"]
[Round "1"]
[White "Stratonowitsch, Andre"]
[Black "Vetter, Ulf"]
[Result "1-0"]
[Termination "normal"]
[Board "21"]
[WhiteElo "1990"]
[BlackElo "1376"]
[PlyCount "101"]
[WhiteFideId "24613959"]
[EventCountry "GER"]
[EventRounds "9"]
[EventType "swiss"]
[EventDate "2006.06.03"]

1. e4 e6 2. d4 d5 3. Nc3 Bb4 4. e5 c5 5. a3 Bxc3+ 6. bxc3 Nc6 7. Qg4 Nge7 8.
Bd3 Qb6 9. Nf3 O-O 10. Bxh7+ Kxh7 11. Ng5+ Kg8 12. Qh5 Rd8 13. Qxf7+ Kh8 14.
Qh5+ Kg8 15. Qh7+ Kf8 16. Qh8+ Ng8 17. Qh5 Nh6 18. Nh7+ Kg8 19. Nf6+ gxf6 20.
Qg6+ Kh8 21. Bxh6 Rg8 22. Qh5 Qc7 23. exf6 Qh7 24. f7 Rf8 25. O-O Rxf7 26. Rae1
Bd7 27. Qg5 Rg8 28. Qd2 Qg6 29. g3 Rh7 30. Bf4 Qh5 31. f3 cxd4 32. cxd4 Rf7 33.
Rf2 Qf5 34. Kh1 Qh3 35. c3 b6 36. Qe3 Qf5 37. Rg1 Bc8 38. Bh6 e5 39. Rd1 exd4
40. cxd4 Re7 41. Qc3 Rge8 42. Bf4 Qh3 43. Be5+ Nxe5 44. dxe5 Qh5 45. Rxd5 Bb7
46. e6+ Kg8 47. Rxh5 Rxe6 48. Qh8+ Kf7 49. Rh7+ Kg6 50. Qg7+ Kf5 51. Rh5# 1-0

[Event "3. ODEM U25 2006"]
[Site "Willingen GER"]
[Date "2006.06.04"]
[Round "1"]
[White "Kabitzke, Julian"]
[Black "Sieker, Roland"]
[Result "1-0"]
[Termination "normal"]
[Board "22"]
[WhiteElo "1363"]
[BlackElo "1984"]
[PlyCount "100"]
[WhiteFideId "24669547"]
[BlackFideId "24600261"]
[EventCountry "GER"]
[EventRounds "9"]
[EventType "swiss"]
[EventDate "2006.06.03"]

1. d4 e5 2. dxe5 Nc6 3. Nf3 Qe7 4. Bf4 Qb4+ 5. Bd2 Qxb2 6. Nc3 Bb4 7. Rb1 Qa3
8. Nb5 Qa5 9. Nxc7+ Qxc7 10. Bxb4 Nxb4 11. Rxb4 Qc3+ 12. Qd2 Qa1+ 13. Qd1 Qxa2
14. e3 Ne7 15. Bd3 Nc6 16. Rf4 Nxe5 17. Nxe5 Qa5+ 18. Ke2 O-O 19. Bxh7+ Kxh7
20. Qd3+ Kg8 21. Rh4 f5 22. Qb3+ d5 23. Ra1 Qc5 24. Ng6 Rf6 25. Rh8+ Kf7 26.
Ne5+ Ke7 27. Rg8 Rb6 28. Qa3 Qxa3 29. Rxa3 a5 30. Rc3 a4 31. Ra3 Re6 32. f4 b5
33. c3 Kf6 34. Rf8+ Ke7 35. Rf7+ Kd6 36. Rxg7 Ba6 37. Kd2 Kc5 38. h4 Kb6 39.
Rg6 Rxg6 40. Nxg6 Rg8 41. h5 Ka5 42. Kc2 b4 43. cxb4+ Kxb4 44. Ra1 a3 45. Rb1+
Ka4 46. Rb6 Rc8+ 47. Kd2 Bb5 48. Rb7 Ra8 49. Kc2 Bd3+ 50. Kc3 Ra5 1-0

[Event "3. ODEM U25 2006"]
[Site "Willingen GER"]
[Date "2006.06.04"]
[Round "1"]
[White "Albers, Damian"]
[Black "Biebinger, Eva"]
[Result "1-0"]
[Termination "normal"]
[Board "23"]
[WhiteElo "1978"]
[BlackElo "1344"]
[PlyCount "47"]
[WhiteFideId "4695186"]
[EventCountry "GER"]
[EventRounds "9"]
[EventType "swiss"]
[EventDate "2006.06.03"]

1. e4 d5 2. exd5 Qxd5 3. Nc3 Qa5 4. d4 Nf6 5. Bc4 Bf5 6. Bd2 c6 7. Qe2 Qc7 8.
O-O-O e6 9. h3 Bd6 10. g4 Bg6 11. h4 h5 12. g5 Nd5 13. Ne4 Bf4 14. Nh3 Bxd2+
15. Rxd2 Nf4 16. Nxf4 Qxf4 17. Ng3 Qd6 18. d5 cxd5 19. Rxd5 Qf4+ 20. Rd2 Qg4
21. Qxg4 hxg4 22. h5 Bf5 23. Nxf5 exf5 24. Re1+ 1-0

[Event "3. ODEM U25 2006"]
[Site "Willingen GER"]
[Date "2006.06.04"]
[Round "1"]
[White "Tsoumanis, Konstantinos"]
[Black "Jussupow, Alexander"]
[Result "0-1"]
[Termination "normal"]
[Board "24"]
[WhiteElo "1322"]
[BlackElo "1972"]
[PlyCount "60"]
[BlackFideId "24613509"]
[EventCountry "GER"]
[EventRounds "9"]
[EventType "swiss"]
[EventDate "2006.06.03"]

1. Nf3 d5 2. g3 Nf6 3. Bg2 Bg4 4. d3 c6 5. O-O Nbd7 6. Nbd2 e5 7. e4 Bd6 8. Qe1
O-O 9. Nb3 a5 10. a4 Re8 11. Bg5 h6 12. Bxf6 Nxf6 13. Nfd2 Qd7 14. f3 Bh3 15.
Qf2 Bxg2 16. Qxg2 b6 17. Kh1 Nh7 18. exd5 cxd5 19. Rfe1 f5 20. c4 Nf6 21. cxd5
Nxd5 22. f4 Bc7 23. fxe5 Bxe5 24. Nc4 Bc7 25. Qf3 f4 26. gxf4 Rxe1+ 27. Rxe1
Rf8 28. Re4 Nxf4 29. Qe3 Qg4 30. Qg1 Qf3+ 0-1

[Event "3. ODEM U25 2006"]
[Site "Willingen GER"]
[Date "2006.06.04"]
[Round "1"]
[White "Dalakian, Haroutioun"]
[Black "Lebeda, Lukas"]
[Result "1/2-1/2"]
[Termination "normal"]
[Board "25"]
[WhiteElo "1953"]
[BlackElo "1253"]
[PlyCount "51"]
[WhiteFideId "24632058"]
[EventCountry "GER"]
[EventRounds "9"]
[EventType "swiss"]
[EventDate "2006.06.03"]

1. e4 c5 2. Nf3 g6 3. d4 cxd4 4. Qxd4 Nf6 5. e5 Nc6 6. Qc3 e6 7. a3 Nd5 8. Qd3
Bg7 9. Qe4 O-O 10. Be2 d6 11. c4 Nde7 12. exd6 Qxd6 13. O-O b6 14. Rd1 Qc7 15.
Nc3 Bb7 16. Nb5 Qb8 17. Qc2 Nf5 18. Be3 Ne5 19. Nfd4 Nxe3 20. fxe3 a6 21. Nc3
Rc8 22. b3 Nc6 23. Nf3 Ne5 24. Nd4 Nc6 25. Rd3 Ne5 26. Rdd1 1/2-1/2